<?xml version="1.0" encoding="UTF-8"?><?xml-stylesheet type="text/xsl" href="static/style.xsl"?><OAI-PMH xmlns="http://www.openarchives.org/OAI/2.0/" xmlns:xsi="http://www.w3.org/2001/XMLSchema-instance" xsi:schemaLocation="http://www.openarchives.org/OAI/2.0/ http://www.openarchives.org/OAI/2.0/OAI-PMH.xsd"><responseDate>2026-04-17T02:05:06Z</responseDate><request verb="GetRecord" identifier="oai:www.recercat.cat:2072/414671" metadataPrefix="marc">https://recercat.cat/oai/request</request><GetRecord><record><header><identifier>oai:recercat.cat:2072/414671</identifier><datestamp>2024-10-31T00:49:36Z</datestamp><setSpec>com_2072_98</setSpec><setSpec>col_2072_378192</setSpec></header><metadata><record xmlns="http://www.loc.gov/MARC21/slim" xmlns:dcterms="http://purl.org/dc/terms/" xmlns:xsi="http://www.w3.org/2001/XMLSchema-instance" xmlns:doc="http://www.lyncode.com/xoai" xsi:schemaLocation="http://www.loc.gov/MARC21/slim http://www.loc.gov/standards/marcxml/schema/MARC21slim.xsd">
   <leader>00925njm 22002777a 4500</leader>
   <datafield ind2=" " ind1=" " tag="042">
      <subfield code="a">dc</subfield>
   </datafield>
   <datafield ind2=" " ind1=" " tag="720">
      <subfield code="a">Moral del Hoyo, María del Carmen</subfield>
      <subfield code="e">author</subfield>
   </datafield>
   <datafield ind2=" " ind1=" " tag="260">
      <subfield code="c">2015</subfield>
   </datafield>
   <datafield ind2=" " ind1=" " tag="520">
      <subfield code="a">Este trabajo trata de demostrar cómo la aplicación del método en el que se funda la dialectología histórica más allá de sus limitaciones originales -el siglo XII y el plano fonético- pone en evidencia la continuidad de la variedad intradialectal del lenguaje de Castilla y replantea sus fronteras interdialectales. En concreto, se ha estudiado la variación morfológica del futuro de subjuntivo en el siglo XIII a través del Corpus Histórico del Español Norteño (CORHEN), en torno a dos focos documentales, San Salvador de Oña (representativo del castellano norteño) y Las Huelgas de Burgos (castellano central), estableciendo un análisis entre ambos y con el continuum de variedades del eje occidente (León) - oriente (Aragón). El resultado revela un castellano norteño diferenciado de la región central de Burgos tanto por presentar opciones de impronta occidental y, sobre todo, oriental, cuanto por focalizar variantes descritas comogenerales en castellano medieval.</subfield>
   </datafield>
   <datafield ind2=" " ind1=" " tag="520">
      <subfield code="a">This paper attempts to show how the application of the method in which historical dialectology is based on, beyond its original limits-the twelfth century and the phonetic level-, demonstrates the continuity of intradialect variety of the language in Castile and redraws its interdialect borders. In particular, we have studied the morphological variation of the future subjunctive verb tense in the thirteenth century through the Corpus Histórico del Español Norteño (CORHEN); focusing on two documentary focal points, San Salvador de Oña (representing the Northern Castilian) and Las Huelgas de Burgos (central Castilian), we have established a contrastive analysis between them both and also with the continuum of linguistic varieties from the Western (León) - Eastern (Aragón) axis. The results reveal a Northern Castilian variety differentiated from that in the central area of Burgos due to presenting Western imprint options and, especially, Eastern, as much as to gathering variants described as general in Medieval Castilian.</subfield>
   </datafield>
   <datafield tag="653" ind2=" " ind1=" ">
      <subfield code="a">Variación dialectal</subfield>
   </datafield>
   <datafield tag="653" ind2=" " ind1=" ">
      <subfield code="a">Documentos notariales</subfield>
   </datafield>
   <datafield tag="653" ind2=" " ind1=" ">
      <subfield code="a">Castellano medieval</subfield>
   </datafield>
   <datafield tag="653" ind2=" " ind1=" ">
      <subfield code="a">Morfología</subfield>
   </datafield>
   <datafield tag="653" ind2=" " ind1=" ">
      <subfield code="a">Dialectal variation</subfield>
   </datafield>
   <datafield tag="653" ind2=" " ind1=" ">
      <subfield code="a">Notarial documents</subfield>
   </datafield>
   <datafield tag="653" ind2=" " ind1=" ">
      <subfield code="a">Medieval castilian</subfield>
   </datafield>
   <datafield tag="653" ind2=" " ind1=" ">
      <subfield code="a">Morphology</subfield>
   </datafield>
   <datafield ind2="0" ind1="0" tag="245">
      <subfield code="a">Hacia una dialectología gramatical del castellano medieval : cuestiones morfológicas del imperfecto y futuro de subjuntivo</subfield>
   </datafield>
</record></metadata></record></GetRecord></OAI-PMH>